[Event "Politiken Cup 12th"]
[Site "Copenhagen"]
[Date "1990.06.20"]
[Round "1"]
[White "Juul Nielsen, Carsten"]
[Black "Bangsbo Hansen, Ulrik"]
[Result "1/2-1/2"]
[WhiteElo "2230"]
[BlackElo "2095"]
[PlyCount "61"]
[EventDate "1990.06.20"]
[EventType "swiss"]
[EventRounds "10"]
[EventCountry "DEN"]
[SourceTitle "EXT 2000"]
[Source "ChessBase"]
[SourceDate "1999.11.16"]
[SourceVersion "1"]
[SourceVersionDate "1999.11.16"]
[SourceQuality "1"]

1. d4 Nf6 2. c4 e6 3. Nc3 d5 4. Bg5 Be7 5. e3 0-0 6. Nf3 Nbd7 7. Rc1 c6 8. a3 Re8 9. Bd3 dxc4 10. Bxc4 Nd5 11. Bxe7 Qxe7 12. 0-0 Nxc3 13. Rxc3 e5 14. dxe5 Nxe5 15. Nxe5 Qxe5 16. Qb3 Qc7 17. Rd1 Bf5 18. Bd3 Be6 19. Qc2 h5 20. b4 Qb6 21. Bf5 Rad8 22. Bxe6 Rxe6 23. Rcd3 Ree8 24. h3 a5 25. Qc5 Qxc5 26. bxc5 Rxd3 27. Rxd3 Kf8 28. Rd7 Re7 29. Rd8+ Re8 30. Rd7 Re7 31. Rd8+ 1/2-1/2